1766 1522 1767 1474 1068 1224 1820 1436 1522 1714 1403 1584 1855 1692 1193 1606 1006 1129 1206 1964 1857 1748 1304 1609 1131 1840 1421 1371 1023 1957 1814 1176 1689 1594 1909 1169 1746 1442 1101 1877 1374 1767 1140 1071 1201 1381 1590 1835 1863 1173 1987 1537 1260 1784 1029 1595 1377 1199 1499 1681 1299 1715 1619 1166 1979 1252 1683 1699 1767 1305 1142 1199 1261 1036 1671 1461 1780 1858 1725 1881 1364 1670 1921 1991 1850 1484 1196 1512 1082 1218 1266 1723 1856 1445 1606 1284 1458 1017 1322 BCNSPRNW ULIB Ver.6.0+V

เปลี่ยนเป็นภาษาไทย

Change to English
 แสดงรายละเอียดบรรณานุกรม
  กลับหน้าหลัก

Brief Record : Get Marc (ISO 2709) : E-mail record : QR code < ปิดหน้าต่าง
LEADER : 00000nam 2200000uu 4500
001    13399114598
003     ULIB
008    110627s2550||||th 000 0 tha d
090    นว.^b
100 0  เมแกน วาเลน เทอร์เนอร์
245 00 ราชินีแห่งแอตโกเลีย/^cเมแกน วาเลน เทอร์เนอร์
260    กรุงเทพฯ :^bอัมรินทร์,^c2550
710 1  อัมรินทร์
945    ^p0^l0^i022053
995    ทศพร
999 ^a ใช้งานได้ทุกระบบ
รายการนี้ยังไม่มีแท็ก
คุณยังไม่ได้ล็อกอิน คุณสามารถมีกิจกรรมร่วมกับเว็บไซต์ได้ แต่ต้องล็อกอินก่อน ::
  ล็อกอิน

รายการสื่อสารสนเทศ

ลำดับที่ ประเภท เลขเรียก/บาร์โค้ด สถานที่ สถานะ
1. นวนิยาย
นวนิยาย
นว. ฉ.1 
  Barcode: 022053
ห้องสมุดวิทยาเขตสวรรค์ประชารักษ์
►นวนิยาย
บนชั้น
  ขอยืม

รายการใกล้เคียง
    ผู้แต่ง [เมแกน วาเลน เทอร์เนอร์]

BibComment


ยังไม่เคยถูกคอมเมนท์

คอมเมนท์ทรัพยากรรายการนี้
  คอมเมนท์: ราชินีแห่งแอตโกเล..


 Copyright 2026. Bcnsprnw @Library